| 000 | 00368nam a2200133Ia 4500 | ||
|---|---|---|---|
| 008 | 220217s9999||||xx |||||||||||||| ||und|| | ||
| 020 | _a9788181478870 | ||
| 082 | _a511.6 KOS | ||
| 100 | _aKoshy, Thomas | ||
| 245 | 0 | _aDiscrete mathematics with applications | |
| 260 |
_aAcademic press _bNew Delhi _c2012 |
||
| 300 |
_aXXIV, 1045p. _b610 |
||
| 650 | _aMATHEMATICS | ||
| 999 |
_c187631 _d187631 |
||